| 000 | 00606nam a22002057a 4500 | ||
|---|---|---|---|
| 008 | 241021b ag ||||| |||| 00| 0 spa d | ||
| 020 | _a950-23-0931-6 | ||
| 080 | _a165:167 | ||
| 100 |
_aSamaja, Juan _92493 |
||
| 245 |
_aEpistemología y metodología _belementos para una teoría de la investigación científica |
||
| 250 | _a3ra. | ||
| 260 |
_aCiudad de Buenos Aires _bEudeba _c1993 |
||
| 300 | _a409 p. | ||
| 650 |
_aInvestigación científica _92494 |
||
| 650 |
_aMatrices de datos _92495 |
||
| 650 |
_aMétodo científico _9182 |
||
| 650 |
_aVariables _92496 |
||
| 651 |
_2LEMB _91736 |
||
| 999 |
_c3048 _d3048 |
||